| 000 | 00377nam a2200133Ia 4500 | ||
|---|---|---|---|
| 008 | 240624s9999 xx 000 0 und d | ||
| 041 | _aeng | ||
| 082 | _a658.827 TUN | ||
| 100 | _aTUNGATE MARK | ||
| 245 | _aBRANDED BEAUTY HOW MARKETING CHANGED THE | ||
| 260 |
_c2011 _aNew Delhi _bKogan Page India Private limited |
||
| 300 | _aviii, : 277 : p. : cm. ; 24 | ||
| 365 |
_cRS _b33.5 |
||
| 999 |
_c18825 _d18825 |
||